|
|
|
|
| LEADER |
00000cam a22000004a 4500 |
| 001 |
musev2_22374 |
| 003 |
MdBmJHUP |
| 005 |
20230905042401.0 |
| 006 |
m o d |
| 007 |
cr||||||||nn|n |
| 008 |
121108s2013 miu o 00 0 eng d |
| 010 |
|
|
|z 2012040551
|
| 020 |
|
|
|a 9780814338971
|
| 020 |
|
|
|z 9780814338964
|
| 035 |
|
|
|a (OCoLC)847609584
|
| 040 |
|
|
|a MdBmJHUP
|c MdBmJHUP
|
| 100 |
1 |
|
|a Whelan, Gloria,
|e author.
|
| 240 |
1 |
0 |
|a Works.
|k Selections
|
| 245 |
1 |
0 |
|a Living Together /
|c by Gloria Whelan.
|
| 264 |
|
1 |
|a Detroit :
|b Wayne State University Press,
|c [2013]
|
| 264 |
|
3 |
|a Baltimore, Md. :
|b Project MUSE,
|c 2013
|
| 264 |
|
4 |
|c ©[2013]
|
| 300 |
|
|
|a 1 online resource (296 pages).
|
| 336 |
|
|
|a text
|b txt
|2 rdacontent
|
| 337 |
|
|
|a computer
|b c
|2 rdamedia
|
| 338 |
|
|
|a online resource
|b cr
|2 rdacarrier
|
| 490 |
0 |
|
|a Made in Michigan Writers Series
|
| 505 |
0 |
0 |
|t Keeping order --
|t Incomer --
|t Costumes --
|t Living together --
|t Travelogue --
|t It's going to be all right --
|t The ark --
|t Migrating --
|t When the children grow up --
|t Hautala country --
|t Icy miracles --
|t Keeping your place.
|
| 520 |
0 |
|
|a Whelan considers a variety of narratives about people coexisting, breaking apart, or coming together. The subdued lives of older women are shaken by a scandalous invasion; a man looks around him to discover he will be living the rest of his life in the wrong place with the wrong people; a married couple, grown apart, find themselves locked together; suburbanites reach out tentatively to the distant city; a house and the ghosts who inhabit it change lives. A final section contains Whelan's novella, "Keeping Your Place," which follows a family as their lives and their home change during the years of the Vietnam War. After the loss of her husband, a mother and the three children must make a final visit to their beloved cabin in the woods and come to a crucial decision.
|
| 588 |
|
|
|a Description based on print version record.
|
| 650 |
|
7 |
|a Novelle
|2 gnd
|
| 650 |
|
7 |
|a Amerikanisches Englisch
|2 gnd
|
| 650 |
|
7 |
|a Kurzgeschichte
|2 gnd
|
| 650 |
|
7 |
|a Short stories.
|2 fast
|0 (OCoLC)fst01117043
|
| 650 |
|
7 |
|a short stories.
|2 aat
|
| 650 |
|
6 |
|a Nouvelles.
|
| 650 |
|
1 |
|a Family life
|v Fiction.
|
| 650 |
|
0 |
|a Short stories.
|
| 655 |
|
7 |
|a Nouvelles.
|2 rvmgf
|
| 655 |
|
7 |
|a Short stories.
|2 lcgft
|
| 655 |
|
7 |
|a Short stories.
|2 gsafd
|
| 655 |
|
7 |
|a Short stories.
|2 fast
|0 (OCoLC)fst01726740
|
| 655 |
|
7 |
|a short stories.
|2 aat
|
| 655 |
|
4 |
|a Domestic fiction.
|
| 655 |
|
7 |
|a Electronic books.
|2 local
|
| 710 |
2 |
|
|a Project Muse.
|e distributor
|
| 830 |
|
0 |
|a Book collections on Project MUSE.
|
| 856 |
4 |
0 |
|z Texto completo
|u https://projectmuse.uam.elogim.com/book/22374/
|
| 945 |
|
|
|a Project MUSE - Custom Collection
|
| 945 |
|
|
|a Project MUSE - 2013 Poetry, Fiction and Creative Non-Fiction
|
| 945 |
|
|
|a Project MUSE - 2013 Complete
|